| 000 | 00000nam##2200000za#4500 |
| 001 | 9.618107 |
| 003 | CaOODSP |
| 005 | 20210615102624 |
| 007 | ta |
| 008 | 150406|2006||||xxc||||| f|0| 0 eng|d |
| 022 | |a0706-6457 |
| 040 | |aCaOODSP|beng |
| 043 | |an-cn--- |
| 086 | 1 |aFs97-6/2662E |
| 110 | 1 |aCanada. |bDepartment of Fisheries and Oceans. |
| 245 | 10|aPuntledge River high temperature study : |binfluence of high water temperature on adult summer Chinook salmon (Oncorhynchus tschawytscha) in 2004 and 2005 / |cby J.O.T. Jensen ... [et al.] |
| 260 | |aNanaimo - British Columbia : |bFisheries and Oceans Canada |c2006. |
| 300 | |avii, 47p. : |bcoloured map, graphs, references, tables, photographs ; |c28 cm. |
| 490 | 1 |aCanadian technical report of fisheries and aquatic sciences|x0706-6457|vNo. 2662 |
| 500 | |a"Fisheries and Oceans Canada, Science Branch, Pacific Region, Pacific Biological Station, Nanaimo, British Columbia V9T 6N7" |
| 520 | 3 |aThis report is part of a series containing scientific and technical information that widens existing scientific knowledge but is not considered appropriate for publication in the primary literature. The research covers such subjects as ecosystem models, methods for enhancing aquaculture, commercial fishing equipment, and environmental threats to aquatic quality and fisheries resources. Includes tables, graphs, and charts. |
| 546 | |a(Résumé en français.) |
| 563 | |aSoftcover |
| 590 | |a06-50|b2006-12-15 |
| 690 | 07|aFisheries|2gcpds |
| 690 | 07|aRivers|2gcpds |
| 690 | 07|aSalt water fish|2gcpds |
| 690 | 07|aWestern provinces|2gcpds |
| 720 | 1 |aJensen, J. O. T. |
| 776 | 0#|tPuntledge River high temperature study : |w(CaOODSP)9.574207 |
| 830 | #0|aCanadian technical report of fisheries and aquatic sciences,|x0706-6457|vNo. 2662|w(CaOODSP)9.514691 |